| 000 | 00540nam a22001577a 4500 | ||
|---|---|---|---|
| 999 |
_c8090 _d8090 |
||
| 003 | GBCCL | ||
| 005 | 20241126110643.0 | ||
| 008 | 190218b ||||| |||| 00| 0 eng d | ||
| 040 | _cGBC | ||
| 082 |
_aARC LIA _b2002 |
||
| 100 |
_aLian, Pau Khan _914102 |
||
| 245 |
_aPastoral Leadership For The Evangelical Baptist Convention In Manipur, India | _cPau Khan Lian |
||
| 300 |
_a171 p.; _c21 cm. x 29 cm. |
||
| 650 |
_aLeadership _vPastoral Leadership _vBiblical Leadership _xEvangelical Baptist Convention _zLamka _zManipur _914103 |
||
| 942 |
_2ddc _cTH |
||